000 00254nam a22001217a 4500
082 _a891.4392
100 _aNaseem Hajazi
245 _aQafla Hijaz
260 _aLahore
_bJahangir
_c2003.
300 _a616p. ;
_b23cm
500 _aHardcover.
942 _cBK
999 _c33095
_d33095